| 000 | 01101nam a22003257a 4500 | ||
|---|---|---|---|
| 003 | CHAP | ||
| 005 | 20220817042856.0 | ||
| 008 | 971013s1969 r 00010 d | ||
| 010 | _a58538 | ||
| 011 | _a59510 | ||
| 035 | _a63668 | ||
| 040 | _cCHAP | ||
| 082 |
_a634.975 _bS88 |
||
| 100 | 0 | 0 |
_aSutton, R. F. _9110813 |
| 245 | _aForm and development of conifer root systems | ||
| 260 |
_aOxford : _bCommonwealth Agricultural Bureaux, _c1969 |
||
| 300 |
_a130 p. _b: ilus. |
||
| 490 |
_aCommonwealth Forestry Bureau. Technical communication _v; 7 |
||
| 590 |
_aBATCH-UPD _b10 _c20130110 _lUCH01 _h0522 |
||
| 590 |
_aBATCH-UPD _b10 _c20130410 _lUCH01 _h0201 |
||
| 590 |
_aBATCH-UPD _b10 _c20130914 _lUCH01 _h1019 |
||
| 590 |
_aCONVERSION _b10 _c20130109 _lUCH01 _h1331 |
||
| 650 | 1 | 4 | _aConíferas. |
| 650 | 1 | 4 |
_aRaíces _994670 |
| 830 | 0 |
_aCommonwealth Forestry Bureau. Technical communication _v; 7 _926008 |
|
| 901 | _aBK | ||
| 942 | _cLIBRO | ||
| 949 |
_a634.975 S88 _bBC _cLIBRO _d33724000237897 _eLIBRO _h52906 _i63668 _si |
||
| 949 |
_a634.975 S88 _bBC _cLIBRO _d33724000238002 _eLIBRO _fc.2 _h54842 _i63668 _si |
||
| 999 |
_c58538 _d58538 |
||